000 00415nam a22001577a 4500
999 _c259292
_d259291
003 OSt
005 20250124115239.0
008 220921b xxu||||| |||| 00| 0 eng d
020 _axxxxxxx
040 _cN/A
100 _aNazareth, Peter
245 _aThird World Writer:
_bHis Social Responsibility.
260 _aNairobi
_bKenya Literature Bureau
_c1978
300 _axxxi, 171 p. ;
_c22 cm.
942 _2lcc
_cSB